[Event "DEN-chT XtraCon 2018-19"]
[Site "Denmark"]
[Date "2018.10.28"]
[Round "2"]
[White "Sylvan, Jacob"]
[Black "Sorensen, Jan"]
[Result "1/2-1/2"]
[WhiteElo "2336"]
[BlackElo "2406"]
[Annotator "TA"]
[PlyCount "93"]
[EventDate "2018.10.27"]
[EventType "team-tourn"]
[EventCountry "DEN"]
[SourceTitle "playchess.com"]
[Source "ChessBase"]
[SourceQuality "1"]

{[%evp 29,93,22,22,24,25,8,23,21,26,30,25,25,43,51,92,92,104,95,97,89,106,88,79,100,94,106,99,36,43,44,51,27,181,46,61,40,120,107,96,102,97,12,14,0,7,7,7,6,6,2,22,23,23,24,30,24,28,24,24,24,24,8,8,0,0,0]} 1. e4 e6 2. d4 d5 3. Nc3 Bb4 4. e5 Ne7 5. a3 Bxc3+ 6. bxc3 c5 7. Qg4 Qc7 8. Bd3 cxd4 9. Ne2 dxc3 10. Qxg7 Rg8 11. Qxh7 Qxe5 {C18: Französische Verteidigung (Nimzowitsch-Variante)} 12. h4 (12. Bf4 Qf6 13. h4 Rxg2 14. Kf1 Rg8 15. Rg1 Rh8 16. Bg5 Rxh7 17. Bxf6 Rh6 18. Bg5 Rh8 19. Bf6 Rh6 20. Bg5 Rh8 21. Bf6 {½-½ (21) Leko,P (2728)-Shirov,A (2713) Saratov 2011}) 12... Nd7 13. Bf4 Qf6 14. Bg5 Qh8 15. Qxh8 Rxh8 {LiveBook: 27 Partien} 16. Nxc3 a6 17. O-O-O f6 18. Be3 Ne5 19. Be2 Nf5 $146 20. Bb6 Bd7 21. g4 $36 {[%mdl 2048] Weiss kämpft um Vorteil.} Nxh4 22. f4 Nc6 23. f5 Kf7 24. fxe6+ Bxe6 25. Nxd5 Ne5 26. Rhf1 Bxd5 27. Rxd5 Ke6 28. Rfd1 (28. Rdd1 $16) 28... Rac8 $1 $14 29. Rd6+ Ke7 $1 30. Ba5 Rc6 $2 (30... Ng2 $1 $11 {und Schwarz ist OK.}) 31. Rxc6 ({Weiss braucht} 31. Bd8+ $18 Rxd8 32. Rxd8) 31... Nxc6 32. Bc3 {Schwarz muss nun g5! beachten.} Ne5 {[#]} ({Lieber} 32... Ng6 $14) 33. g5 $1 $16 {[%mdl 512]} Nhg6 (33... fxg5 34. Bxe5) 34. gxf6+ Kxf6 35. Rd6+ (35. Bd3 $16 {Droht stark Lxg6.} Rc8 36. Rf1+ Ke7 37. Bb4+ Ke8 38. Re1) 35... Kf5 $11 36. a4 Nf4 37. Bf1 Rc8 38. Bxe5 Kxe5 {[%mdl 4096] Endspiel KTL-KTS} 39. Rd7 b5 (39... Rb8 {is more complex.} 40. Kb2 a5 41. Re7+ Kd6 42. Rh7 Ne6) 40. axb5 axb5 41. Bxb5 Rc5 42. Bf1 Rd5 43. Rh7 Kd6 44. Rf7 Rd4 45. c3 Nd3+ 46. Kc2 Rf4 47. Rxf4 {Precision: Weiß = 41%, Schwarz = 53%.} 1/2-1/2

[Event "DEN-chT XtraCon 2018-19"]
[Site "Denmark"]
[Date "2018.10.28"]
[Round "2"]
[White "Haubro, Martin"]
[Black "Rasmussen, Allan Stig"]
[Result "0-1"]
[WhiteElo "2326"]
[BlackElo "2543"]
[Annotator "TA"]
[PlyCount "68"]
[EventDate "2018.10.27"]
[EventType "team-tourn"]
[EventCountry "DEN"]
[SourceTitle "playchess.com"]
[Source "ChessBase"]
[SourceQuality "1"]

{[%evp 17,68,19,36,15,9,0,0,0,10,-11,7,0,0,1,6,0,4,-16,-9,-9,-20,-18,6,-10,14,0,83,-24,53,19,16,-37,-20,-24,35,38,115,0,0,0,0,-234,-241,-240,-207,-200,-204,-434,-391,-1068,-1049,-29987,-29988]} 1. e4 c6 2. d4 d5 3. exd5 cxd5 4. c4 Nf6 5. Nc3 g6 6. cxd5 Bg7 7. Qb3 O-O 8. Be2 Na6 9. Bf3 b5 {[%cal Bb7b5,Bb5b4][%mdl 32] LiveBook: 7 Games. B14: Caro-Kann: Panov-Botvinnik Attack with 5...e6 and 5...g6} (9... Qb6 10. Nge2 Qxb3 11. axb3 Nb4 12. O-O Rd8 13. Ra5 a6 14. Na4 b5 15. d6 Ra7 16. dxe7 Rxe7 17. Nac3 Be6 {½-½ (46) Amin,B (2689)-Artemiev,V (2691) Riadh 2017}) 10. Nge2 ({Of course not} 10. Qxb5 Rb8 $15) 10... b4 11. Nd1 $146 ({Predecessor:} 11. Na4 Bb7 12. Nf4 g5 13. Nh5 Nxh5 14. Bxh5 Qxd5 15. Qxd5 Bxd5 16. Bxg5 Bc6 17. b3 Bxa4 18. bxa4 Bxd4 {½-½ (45) Rogulj,B (2397)-Zelcic,R (2501) Aschach 2017}) 11... Bb7 {[%cal Rb7d5] The position is equal.} 12. Ne3 Qd7 13. Bd2 Rab8 14. Rc1 Rfd8 15. Nf4 Nc7 {[%cal Rf6d5]} 16. Rc5 g5 17. d6 Nb5 $1 {[%cal Rb5d4]} 18. Ne2 $1 {[#] Hoping for dxe7.} Nxd6 19. Bxb7 Rxb7 20. f3 Rb5 21. O-O Nb7 {[#]} (21... Rxc5 $11 22. dxc5 Nf5) 22. Rc2 (22. Rxb5 $1 $16 Qxb5 23. Qc4 Qxc4 24. Nxc4) 22... Na5 ({Black should play} 22... e5 $11 23. dxe5 Rxe5 24. Qxb4 (24. Bxb4 Qe8 $17) 24... Nd5) 23. Qd3 $14 Nd5 24. Ng4 (24. Nf5 $11) 24... h6 25. Rfc1 Nb7 (25... b3 $11 26. Bxa5 Nf4 27. Nxf4 Rxa5 28. Qxb3 gxf4) 26. h4 f5 (26... Rb6 $14) 27. hxg5 ({White should try} 27. Ne5 $16 Bxe5 28. dxe5) 27... fxg4 $11 {[%cal Bf5g4,Bg4f3][%mdl 32]} 28. gxh6 {And now Rc6 would win.} Bf6 29. Rc6 $2 (29. fxg4 $11 Qxg4 30. Qxb5 Bxd4+ 31. Nxd4 Qxd4+ 32. Kh1 Qh4+ 33. Kg1 Qd4+ 34. Kh1 Qh4+ 35. Kg1 Qd4+) 29... Nd6 $19 30. Bg5 Kh8 31. Bxf6+ Nxf6 32. Ng3 $2 (32. Rc7 Qf5 33. Qxf5 Nxf5 34. Rxa7) 32... gxf3 33. Rxd6 $2 (33. Qxf3 Nf5 34. R6c4) 33... Qxd6 34. Qg6 Qxd4+ {Precision: White = 28%, Black = 51%.} 0-1

[Event "DEN-chT XtraCon 2018-19"]
[Site "Denmark"]
[Date "2018.10.28"]
[Round "2"]
[White "Larsen, Steen Skovlund"]
[Black "Bro, amm"]
[Result "0-1"]
[WhiteElo "2308"]
[BlackElo "2387"]
[Annotator "TA"]
[PlyCount "46"]
[EventDate "2018.10.27"]
[EventType "team-tourn"]
[EventCountry "DEN"]
[SourceTitle "playchess.com"]
[Source "ChessBase"]
[SourceQuality "1"]

{[%evp 9,46,0,12,9,18,26,21,10,13,-11,-11,-9,-11,-11,-11,-17,-11,-16,-17,-17,-17,-16,-14,-11,-15,-22,8,-234,-234,-245,-235,-270,-260,-357,-348,-434,-406,-753,-752]} 1. Nf3 d5 2. b3 g6 3. Bb2 Nf6 4. c4 dxc4 5. bxc4 c5 6. g3 {A06: Zukertort-Eröffnung} b6 7. Bg2 Bb7 $1 8. O-O {Die Stellung ist ausgeglichen.} Bg7 9. a4 $146 ({Vorgänger:} 9. d3 O-O 10. Nbd2 Nc6 11. Qb3 Re8 12. Rad1 Qc7 13. e3 {1-0 (38) Nakamura,H (2777)-Mamedyarov,S (2801) Saint Louis 2018}) 9... Nc6 10. Ne5 Na5 11. Bxb7 Nxb7 12. Ng4 Qd6 13. Nxf6+ Bxf6 14. Nc3 Qd7 15. Qc1 Na5 {Droht ...Sb3.} 16. Nd5 Bxb2 ({Nur nicht} 16... Nb3 $2 17. Nxf6+ exf6 18. Qc2 $18) 17. Qxb2 {[%cal Rb2h8]} O-O-O 18. Nxb6+ $2 (18. d3 $11 {und Weiss steht sicher.}) 18... axb6 $19 19. Qxb6 {[#]} Qc7 $1 {[%cal Rc7b6]} 20. Qa6+ Kd7 21. Rfb1 Rb8 22. d3 {Jetzt Tb5 und Weiss darf weiter klammern.} Nc6 23. e3 (23. Rb5 $142 Nd4 24. Qa5 Nxb5 25. axb5) 23... Nb4 {Precision: Weiß = 35%, Schwarz = 87%.} 0-1

[Event "DEN-chT XtraCon 2018-19"]
[Site "Denmark"]
[Date "2018.10.28"]
[Round "2"]
[White "Kristensen, Leif"]
[Black "Ochsner, Bjorn Moller"]
[Result "1/2-1/2"]
[WhiteElo "2304"]
[BlackElo "2449"]
[Annotator "TA"]
[PlyCount "65"]
[EventDate "2018.10.27"]
[EventType "team-tourn"]
[EventCountry "DEN"]
[SourceTitle "playchess.com"]
[Source "ChessBase"]
[SourceQuality "1"]

{[%evp 16,65,2,8,6,0,0,0,0,-12,-7,-9,0,0,0,0,-1,0,-8,-25,-21,-27,-15,-22,0,-15,-11,-34,12,12,29,29,39,27,48,38,44,35,35,26,25,14,30,34,31,11,11,11,11,-11,0,0]} 1. c4 e5 2. Nc3 Bb4 3. g3 Bxc3 4. bxc3 d6 5. Bg2 Ne7 6. d3 {A21: Englische Eröffnung} (6. Nf3 c5 7. d4 f6 8. dxc5 dxc5 9. Qxd8+ Kxd8 10. Ba3 Nd7 11. Nd2 Rb8 12. Ne4 b6 13. Nd6 Ba6 {1-0 (44) Lalith,B (2529)-Gordievsky,D (2638) Biel 2018}) 6... Nbc6 7. Rb1 O-O 8. Nf3 Rb8 9. O-O {LiveBook: 3 Partien} f6 10. Nd2 $146 ({Vorgänger:} 10. Ne1 Be6 11. Ba3 Qd7 12. Nc2 Bh3 13. Nb4 Bxg2 14. Kxg2 Nd8 15. Nd5 Ng6 16. e4 {0-1 (39) Soyez,C (2254)-Pytel,K (2391) La Fere 2008}) 10... Be6 11. e3 Qd7 12. Re1 Rfd8 13. Qc2 a6 14. a4 Na5 15. Ba3 b6 16. Bb4 Nb7 17. d4 c5 18. Ba3 Na5 19. d5 Bf7 20. Bc1 Rf8 21. Ra1 g5 22. e4 Ng6 23. Qd3 Be8 24. Nf1 Qc8 25. Ne3 Ne7 26. Qe2 Bd7 27. Bf3 Rb7 28. Ra3 Kg7 29. Bh5 h6 30. g4 Be8 {Die Stellung ist ausgeglichen.} 31. Bxe8 Qxe8 32. Kg2 Rh8 33. h4 {Precision: Weiß = 63%, Schwarz = 54%.} 1/2-1/2

[Event "DEN-chT XtraCon 2018-19"]
[Site "Denmark"]
[Date "2018.10.28"]
[Round "2"]
[White "Laursen, Niels Norskov"]
[Black "Jaksland, Tim"]
[Result "1-0"]
[WhiteElo "2304"]
[BlackElo "2214"]
[Annotator "TA"]
[PlyCount "49"]
[EventDate "2018.10.27"]
[EventType "team-tourn"]
[EventCountry "DEN"]
[SourceTitle "playchess.com"]
[Source "ChessBase"]
[SourceQuality "1"]

{[%evp 20,49,45,34,71,53,64,57,172,160,152,160,160,159,137,28,46,29,50,23,39,47,152,144,135,135,265,264,1271,1291,29987,228]} 1. e4 c5 2. Nf3 e6 3. d4 cxd4 4. Nxd4 Nc6 5. Nc3 Qc7 6. Be2 a6 7. Be3 b5 8. Nxc6 Qxc6 9. Bf3 Bb7 10. O-O Rc8 {B49: Sicilian: Taimanov: 5 Nc3 Qc7 6 Be3 a6 7 Be2} 11. Re1 {LiveBook: 4 Games} b4 $146 ({Predecessor:} 11... Ne7 12. Bd4 d6 13. Qd2 Qc7 14. a4 e5 15. Be3 b4 16. Na2 a5 17. c3 b3 18. Nc1 {1-0 (42) Inarkiev,E (2692)-Swinkels,R (2494) Rogaska Slatina 2011}) 12. e5 {[%cal Be4e5,Be5d6][%mdl 32]} (12. Nd5 $5) 12... Qc7 {White is slightly better.} 13. Ne4 f5 (13... Qxe5 $14 14. Bd4 Qf4) 14. Bh5+ g6 15. Nd6+ Bxd6 16. exd6 Qd8 17. Bf3 (17. Qd4 $16 Nf6 18. Be2 (18. Qxb4 Nxh5 19. Qxb7 O-O $16)) 17... Bxf3 $11 18. Qxf3 Nf6 19. Qe2 (19. Qb7 $5 {[%cal Re3b6]} O-O 20. Bh6 $11) 19... Kf7 20. a3 a5 (20... bxa3 $14 21. Rxa3 Rc6) 21. axb4 $16 axb4 22. Bd4 $36 {[%mdl 2048] Ra7 is the strong threat. White is on the roll.} Rc6 {[#]} (22... Rf8 $16 {keeps fighting.} 23. Ra4 Nd5) 23. Qe5 $1 $18 {aiming for Ra7.} Rc8 $2 (23... Rc4 24. h3 (24. Ra8 Rc5 $18) 24... Rxd4 25. Qxd4 Qb8) 24. Ra7 {White wants to mate with Rxd7+!} Rf8 25. Qxe6+ {Precision: White = 59%, Black = 18%.} 1-0

[Event "DEN-chT XtraCon 2018-19"]
[Site "Denmark"]
[Date "2018.10.28"]
[Round "2"]
[White "Berg, Klaus"]
[Black "Brunello, Sabino"]
[Result "0-1"]
[WhiteElo "2301"]
[BlackElo "2548"]
[Annotator "TA"]
[PlyCount "70"]
[EventDate "2018.10.27"]
[EventType "team-tourn"]
[EventCountry "DEN"]
[SourceTitle "playchess.com"]
[Source "ChessBase"]
[SourceQuality "1"]

{[%evp 29,70,28,31,-2,-2,-2,-2,0,0,-6,-9,-23,16,0,0,0,0,0,0,0,0,0,0,0,0,0,0,0,0,-2,0,0,13,-14,0,-22,-20,-641,-640,-626,-561,-29987,-29983]} 1. d4 Nf6 2. Nf3 e6 3. e3 c5 4. c4 d5 5. Nc3 Nc6 6. cxd5 Nxd5 7. Bd3 cxd4 8. exd4 Bb4 9. Bd2 O-O 10. O-O Nf6 11. Bg5 h6 12. Bh4 Be7 13. Re1 Nh5 {B14: Caro-Kann (Panow-Angriff)} 14. Bxe7 Nxe7 15. Ne5 Nf6 {[#] LiveBook: 6 Partien. Weiß hat minimalen Vorteil.} 16. Ng4 $146 ({Vorgänger:} 16. Rc1) 16... Nc6 17. Nxf6+ Qxf6 18. d5 exd5 19. Nxd5 Qxb2 20. Rb1 Qd4 21. Ne7+ Kh8 22. Nxc8 Raxc8 23. Rxb7 Rfd8 24. Be2 Qf4 25. Rd7 Nd4 26. Rxd8+ Rxd8 27. Bd3 g5 28. h3 Kg7 29. Re3 Qf6 30. Qg4 Ne6 31. Bc4 {[%cal Rc4e6]} Nf4 {[#] Droht ...Da1+ und aus.} 32. Bb3 Rd2 $36 {[%mdl 2048] Weiss muss nun ...Da1+ beachten. Schwarz hat Druck.} 33. h4 $2 {[%mdl 8192]} (33. Qf3 $11) 33... Qa1+ $19 34. Kh2 Rxf2 35. Rg3 Ne2 {Precision: Weiß = 44%, Schwarz = 57%.} 0-1

[Event "DEN-chT XtraCon 2018-19"]
[Site "Denmark"]
[Date "2018.10.28"]
[Round "2"]
[White "Bank, Pelle"]
[Black "Tikkanen, Hans"]
[Result "0-1"]
[WhiteElo "2299"]
[BlackElo "2520"]
[Annotator "TA"]
[PlyCount "80"]
[EventDate "2018.10.27"]
[EventType "team-tourn"]
[EventCountry "DEN"]
[SourceTitle "playchess.com"]
[Source "ChessBase"]
[SourceQuality "1"]

{[%evp 18,80,32,20,24,18,46,45,47,0,0,0,-14,-14,24,0,0,-7,-14,-26,0,0,0,-39,-39,-55,-44,-68,-76,-139,-91,-94,-83,-74,0,0,0,0,3,-100,-100,-100,-100,-247,-245,-377,-370,-375,-354,-663,-399,-391,-370,-457,-449,-468,-462,-461,-445,-549,-545,-935,-935,-902,-812]} 1. Nf3 Nf6 2. g3 g6 3. c4 Bg7 4. Bg2 O-O 5. O-O d6 6. Nc3 Nc6 7. d4 a6 8. h3 Bd7 9. e4 e5 10. Be3 {LiveBook: 95 Games} b5 {E63: King's Indian: Fianchetto: Panno Variation with 7...a6} (10... exd4 11. Nxd4 Re8 12. Re1 Qc8 13. Nxc6 bxc6 14. g4 Rb8 15. Rb1 Be6 16. c5 h5 17. f3 Rd8 18. cxd6 cxd6 19. Bg5 Qc7 20. Qd2 hxg4 21. fxg4 {0-1 (49) Pert,N (2528)-Svidler,P (2763) Bunratty 2008}) 11. dxe5 dxe5 12. cxb5 axb5 {White is slightly better.} 13. Bc5 (13. Nxb5 $14 Nxe4 14. a4) 13... Re8 $1 $11 14. Qd3 b4 $146 ({Predecessor:} 14... Qc8 15. Kh2 b4 16. Nd5 Ra5 17. Rfc1 Nxd5 18. Qxd5 {1-0 (31) Brychta,D (2151)-Baier,P (2122) Czech Republic 2017}) 15. Nd5 Ra5 16. Nxf6+ Bxf6 17. Qc2 Be7 $36 {[%mdl 2048] Black has some pressure.} 18. Be3 Bd6 (18... Nd4 $5 19. Bxd4 (19. Nxd4 exd4 20. Bxd4 Bxh3 $11) 19... exd4 $11) 19. Rfd1 Qf6 20. a4 bxa3 21. bxa3 Rea8 22. Bg5 Qe6 23. Bf1 (23. Rdb1 $142) 23... Rxa3 24. Rxa3 Rxa3 25. Be3 Nb4 (25... Qb3 $17 26. Qxb3 Rxb3) 26. Qc1 $1 {[%cal Rc1a3]} Na2 {[%cal Bb4a2,Ba2c3,Bc3e4][%mdl 32]} 27. Qb2 $1 {Black must now prevent Ng5.} Nc3 {[#]} 28. Qb8+ (28. Rxd6 $1 $11 {[%mdl 512] keeps the balance.} Qxd6 (28... cxd6 29. Qxa3) 29. Bc1 Bxh3 30. Bxh3 (30. Qxa3 Qd1 $15) 30... Ne2+ 31. Qxe2) 28... Qe8 29. Qxe8+ Bxe8 30. Rc1 (30. Rd3 $17 f5 31. Ng5 fxe4 32. Rd2) 30... Nxe4 $19 31. Bc4 {[#]} (31. Kg2 {is a better defense.}) 31... Nxg3 $1 {[%mdl 512]} 32. Ng5 (32. fxg3 Rxe3) 32... h6 33. Rb1 $2 (33. fxg3 hxg5 34. Kf2) 33... c6 34. Rd1 Be7 ({Less strong is} 34... hxg5 35. Rxd6 Ne4 36. Rd8 $17) 35. Nf3 Nf5 {Black is clearly winning.} 36. Nxe5 Nxe3 37. fxe3 Rxe3 38. Ng4 Rxh3 39. Re1 Rg3+ 40. Kf2 Rxg4 {Precision: White = 28%, Black = 47%.} 0-1

[Event "DEN-chT XtraCon 2018-19"]
[Site "Denmark"]
[Date "2018.10.28"]
[Round "2"]
[White "Greger, Roland Reinhard"]
[Black "Svenninggaard, Thomas"]
[Result "1-0"]
[WhiteElo "2294"]
[BlackElo "2163"]
[Annotator "TA"]
[PlyCount "56"]
[EventDate "2018.10.27"]
[EventType "team-tourn"]
[EventCountry "DEN"]
[SourceTitle "playchess.com"]
[Source "ChessBase"]
[SourceQuality "1"]

{[%evp 14,56,33,22,49,34,50,52,64,64,114,95,106,105,110,112,113,91,91,101,94,97,114,114,110,102,245,242,181,196,309,299,271,151,137,132,235,266,1284,1258,29992,29992,29993,29994,29994]} 1. e4 d6 2. d4 g6 3. Nc3 Bg7 4. Nf3 Nf6 5. h3 c6 6. Bg5 O-O 7. Qd2 b5 8. a3 {LiveBook: 4 Games. B08: Pirc Defence: Classical System} (8. Bd3 Qc7 9. O-O e5 10. dxe5 dxe5 11. Ne2 Nbd7 12. Qe3 Bb7 13. Ng3 Qb6 14. c3 Qxe3 15. Bxe3 Rfd8 {½-½ (34) Saravana,K (2312)-Akopian,V (2667) Dubai 2018}) 8... a5 9. Bd3 Bb7 10. O-O {White is slightly better.} Na6 $146 ({Predecessor:} 10... Re8 11. Rad1 b4 12. axb4 axb4 13. Ne2 Qb6 14. Bh6 {1-0 (37) Fodre,S (2228)-Oszvath,A Hungary 2002}) 11. Rfe1 Re8 12. e5 dxe5 13. dxe5 Nd5 14. Nxd5 Qxd5 15. Rad1 $36 {[%cal Ba1d1,Bd1d3,Bd3d6][%mdl 2080] White is in control.} Nc5 16. Qe3 Nxd3 17. Rxd3 Qe6 18. Qb6 Qc8 19. Qc5 e6 (19... Qc7 $16) 20. Bf6 $18 Bf8 {[#]} 21. Rd6 $1 Qb8 (21... h6 {keeps fighting.} 22. Nd2 Qc7) 22. Red1 Qa7 {[#]} 23. Qxa7 ({White must play} 23. Qc3 $1 $18) 23... Rxa7 $16 24. Rd7 Bc5 (24... c5 $16) 25. Ng5 $18 Rf8 $2 {[#]} (25... Bc8 26. Rd8 Rf8 27. Rxf8+ Bxf8) 26. Nxe6 $1 {[%mdl 512]} fxe6 27. Rg7+ Kh8 28. Rdd7 Rxf6 {Precision: White = 96%, Black = 31%.} 1-0

[Event "DEN-chT XtraCon 2018-19"]
[Site "Denmark"]
[Date "2018.10.28"]
[Round "2"]
[White "Schmidt, Kristen"]
[Black "Ochsner, Thomas"]
[Result "*"]
[WhiteElo "2242"]
[BlackElo "2280"]
[Annotator "TA"]
[PlyCount "30"]
[EventDate "2018.10.27"]
[EventType "team-tourn"]
[EventCountry "DEN"]
[SourceTitle "playchess.com"]
[Source "ChessBase"]
[SourceQuality "1"]

{[%evp 9,9,-49]} 1. e4 e5 2. Nf3 Nc6 3. Bc4 Bc5 4. O-O Nf6 5. d4 {Predecessor:} Bxd4 $146 6. Nxd4 Nxd4 7. Bg5 h6 8. Bh4 d6 9. f4 Bg4 10. Bxf6 Bxd1 11. Bxd8 Rxd8 12. Rxd1 Nxc2 13. f5 Nxa1 14. Na3 c6 15. Rxa1 Ke7 {½-½ (32) Huschenbeth,N (2575)-Gledura,B (2600) Greensboro 2017} *

[Event "DEN-chT XtraCon 2018-19"]
[Site "Denmark"]
[Date "2018.10.28"]
[Round "2"]
[White "Ostergaard, Jens"]
[Black "Palm, Nikolaj"]
[Result "1/2-1/2"]
[WhiteElo "2225"]
[BlackElo "2285"]
[Annotator "TA"]
[PlyCount "103"]
[EventDate "2018.10.27"]
[EventType "team-tourn"]
[EventCountry "DEN"]
[SourceTitle "playchess.com"]
[Source "ChessBase"]
[SourceQuality "1"]

{[%evp 27,103,19,18,22,24,20,20,6,10,0,2,0,0,-19,-10,-11,0,0,0,0,0,0,0,0,0,0,0,-14,-14,-12,-9,-12,-15,-25,0,0,7,0,0,0,1,-26,-35,-25,-26,-20,-22,-38,-31,-37,-16,-30,-45,-54,-53,-54,-54,-62,-55,-55,-56,-57,-54,-39,-54,-60,-30,-79,-25,-52,-8,-10,0,-51,0,-14,0,-48]} 1. d4 {Legky,N} d5 2. c4 e6 3. Nc3 Nf6 4. Bg5 Nbd7 5. e3 Be7 6. Nf3 O-O 7. Rc1 c6 8. Qc2 h6 9. Bh4 a6 10. cxd5 exd5 11. Bd3 Re8 12. O-O Ne4 13. Bxe7 {D65: Damengambit (Tempokampf-Variante)} Qxe7 14. Bxe4 dxe4 {LiveBook: 3 Partien} 15. Nd2 {[%cal Rc3e4]} Nf6 16. a3 Bf5 17. b4 Rad8 {[%cal Ba8d8,Bd8d5,Bd5h5][%mdl 32] [#]} 18. Na4 $146 ({Vorgänger:} 18. Rfe1 Nd5 19. Ne2 h5 20. Qc5 Qg5 {0-1 (37) Pinter,J (2550)-Legky,N (2510) Reims 1994 CBM 044 [Legky,N]}) 18... Bc8 19. Nc5 Rd5 20. Rce1 Rh5 {und nun wäre ...Lf5 stark für Schwarz.} 21. f3 {[%cal Rf3e4]} exf3 22. Nxf3 Ne4 23. Qxe4 Qxe4 24. Nxe4 Rxe4 25. Ne5 f6 26. Nd3 Re7 27. Rf2 Rd5 28. Rd2 a5 29. Nc5 axb4 30. axb4 b6 31. Na4 $1 Rb5 32. Rb2 $1 Ra7 33. Nc3 Rh5 34. Ra2 Rxa2 35. Nxa2 $11 {[%mdl 4096] Endspiel KTL-KTS} Rb5 36. Rb1 Bf5 37. Rb2 {[#] Sc3 ist eine echte Drohung.} c5 38. Kf2 Bg6 39. Ke2 Bf7 40. Nc3 Rxb4 41. Rxb4 cxb4 $15 {KL-KS} 42. Na4 b5 43. Nc5 Kf8 44. Kd2 Ke7 45. Nd3 b3 46. Kc3 Kd6 47. e4 g6 (47... Bg6 $17 48. Nc5 f5 49. exf5 Bxf5) 48. g4 Bc4 49. Nf4 $1 Bf7 50. Nd3 Bc4 51. Nf4 $1 Bf7 52. Nd3 {Precision: Weiß = 58%, Schwarz = 52%.} 1/2-1/2

[Event "DEN-chT XtraCon 2018-19"]
[Site "Denmark"]
[Date "2018.10.28"]
[Round "2"]
[White "Vasli, Aref"]
[Black "Erlandsen, Carsten"]
[Result "1-0"]
[WhiteElo "2225"]
[BlackElo "2074"]
[Annotator "TA"]
[PlyCount "57"]
[EventDate "2018.10.27"]
[EventType "team-tourn"]
[EventCountry "DEN"]
[SourceTitle "playchess.com"]
[Source "ChessBase"]
[SourceQuality "1"]

{[%evp 19,57,81,93,57,128,155,131,110,116,87,89,89,102,102,94,94,86,99,98,106,105,105,115,42,71,87,75,77,136,25,42,0,0,0,13,0,116,129,372,352]} 1. e4 c5 2. Nf3 d6 3. d4 cxd4 4. Nxd4 Nf6 5. Nc3 a6 6. h3 e5 7. Nde2 h5 {B90: Sicilian Najdorf: Unusual White 6th moves, 6 Be3 Ng4 and 6 Be3 e5} (7... b5 8. Ng3 Nbd7 9. Bg5 h6 10. Be3 Bb7 11. Bd3 h5 12. Bg5 g6 13. O-O Be7 14. a3 h4 15. Nge2 Nc5 16. Bxf6 Bxf6 {1-0 (48) Dominguez Perez,L (2739)-Vachier Lagrave,M (2779) chess.com INT 2018}) 8. Bg5 Nbd7 9. Nd5 b5 10. Nec3 Bb7 {LiveBook: 5 Games} 11. a3 $146 ({Predecessor:} 11. a4 bxa4 12. Bc4 Be7 13. Bxf6 Bxf6 14. Rxa4 g6 15. Qe2 {½-½ (62) Das,A (2399)-Fier,A (2590) Hastings 2016}) 11... Nb6 (11... Be7 $14 12. Nxe7 Qxe7) 12. Bxf6 $16 gxf6 13. Nxb6 Qxb6 14. Nd5 Bxd5 15. Qxd5 Rc8 16. c3 Rc5 17. Qd3 Qc6 18. Be2 f5 19. exf5 Qxg2 20. Bf3 Qg5 21. Bd5 ({White should play} 21. a4 $16) 21... Qf4 22. Rg1 Bh6 23. Rd1 Ke7 (23... e4 $142 24. Qd4 (24. Qxe4+ Qxe4+ 25. Bxe4 Re5 $16) 24... Rf8) 24. Be4 (24. Rg3 $16) 24... d5 $11 25. Bf3 (25. b4 $5 {[%cal Rb4c5]} Rcc8 26. Bxd5 $11) 25... Rd8 26. Bxh5 {Rg4 is the strong threat.} Rc4 27. Kf1 d4 {[#]} (27... e4 $11 28. Qe3 Qxe3 29. fxe3 Bxe3) 28. Rg4 $1 $16 {[%cal Rg4f4]} Qh2 $2 {[#]} (28... e4 $16 29. Qb1 (29. Rxf4 exd3 30. Re4+ Kf6 $11) (29. Qxe4+ Qxe4 30. Rxe4+ Kf8 $16) 29... Qxf5 30. Rxe4+ (30. Qxe4+ Qxe4 31. Rxe4+ Kf8 $16) 30... Kf6) 29. f6+ $1 {[%mdl 512] Precision: White = 55%, Black = 46%.} 1-0